<?xml version="1.0" encoding="UTF-8"?>
<collection xmlns="http://www.loc.gov/MARC21/slim">
 <record>
  <leader>00649pamaa2200181   4500</leader>
  <controlfield tag="001">0000017387</controlfield>
  <controlfield tag="005">20120118090000.0</controlfield>
  <datafield tag="020" ind1="0" ind2="0">
   <subfield code="a">0300068557 </subfield>
  </datafield>
  <datafield tag="082" ind1=" " ind2=" ">
   <subfield code="a">320.532 KLE</subfield>
  </datafield>
  <datafield tag="090" ind1="0" ind2="0">
   <subfield code="a">HX83 </subfield>
   <subfield code="b">KLE 1995</subfield>
  </datafield>
  <datafield tag="100" ind1="1" ind2="0">
   <subfield code="a">KLEHR </subfield>
  </datafield>
  <datafield tag="245" ind1="1" ind2="4">
   <subfield code="a">The secret world of American communism  </subfield>
   <subfield code="c">Harvey Klehr, John Earl Haynes and Fridrikh Igorevich Firsov ; Russian documents translated by Timothy D. Sergay.</subfield>
  </datafield>
  <datafield tag="260" ind1="0" ind2="0">
   <subfield code="a">New Haven: </subfield>
   <subfield code="b">Yale University Press, </subfield>
   <subfield code="c">1995.</subfield>
  </datafield>
  <datafield tag="300" ind1=" " ind2=" ">
   <subfield code="a">xxxi, 348p.: </subfield>
   <subfield code="b">23cm.</subfield>
  </datafield>
  <datafield tag="440" ind1="0" ind2="0">
   <subfield code="a">Annals of communism</subfield>
  </datafield>
  <datafield tag="650" ind1="0" ind2="0">
   <subfield code="a">Communism -- </subfield>
   <subfield code="x">History -- </subfield>
   <subfield code="x">Sources -- </subfield>
   <subfield code="z">United States </subfield>
  </datafield>
  <datafield tag="700" ind1="1" ind2="1">
   <subfield code="a">Haynes, </subfield>
   <subfield code="h">John Earl </subfield>
  </datafield>
  <datafield tag="700" ind1="1" ind2="1">
   <subfield code="a">FIRSOV, </subfield>
   <subfield code="h">Fridrikh Igorevich </subfield>
  </datafield>
 </record>
</collection>
